00370nam a2200169Ia 4500003000900000008004100009040001300050040001300063041000800076100002300084245005000107260001000157260000900167300000800176490000600184600001000190IT-RoPAU120407s9999 xx 000 0 und d aIT-RoPAU cIT-RoPAU aita aFrancesco Orestano aProlegomeni alla scienza del bene e del male. aBocca c1942 c cm v1 a 2 v.